|
|
|
|
| LEADER |
00000naa2a2200000 4500 |
| 001 |
174843 |
| 005 |
20231031164926.0 |
| 035 |
|
|
|a (RuTPU)RU\TPU\book\189591
|
| 090 |
|
|
|a 174843
|
| 100 |
|
|
|a 20100204d2009 k y0rusy50 ca
|
| 101 |
0 |
|
|a rus
|
| 102 |
|
|
|a RU
|
| 200 |
1 |
|
|a Маркетинговое исследование предпочтений потребителей
|f К. В. Гнедаш, Т. В. Пыхтова
|g науч. рук. Т. З. Артюхова
|
| 320 |
|
|
|a Библиогр.: 6 назв.
|
| 463 |
|
0 |
|0 (RuTPU)RU\TPU\book\182778
|t Прогрессивные технологии и экономика в машиностроении
|o труды XIII региональной научно-практической конференции студентов и учащейся молодежи , 9-10 апреля 2009 г., Юрга
|f Томский политехнический университет (ТПУ), Юргинский технологический институт (ЮТИ) ; Прогрессивные технологии и экономика в машиностроении ; отв. за вып. Д. А. Чинахов
|v С. 171-173
|d 2009
|p 357 с.
|
| 610 |
1 |
|
|a маркетинг
|
| 610 |
1 |
|
|a потребители
|
| 610 |
1 |
|
|a предпочтения
|
| 610 |
1 |
|
|a исследования
|
| 610 |
1 |
|
|a фирмы
|
| 610 |
1 |
|
|a хлебобулочные изделия
|
| 610 |
1 |
|
|a анкетирование
|
| 610 |
1 |
|
|a опросы
|
| 610 |
1 |
|
|a труды учёных ТПУ
|
| 700 |
|
1 |
|a Гнедаш
|b К. В.
|
| 701 |
|
1 |
|a Пыхтова
|b Т. В.
|
| 702 |
|
1 |
|a Артюхова
|b Т. З.
|c экономист
|c доцент Томского политехнического университета, кандидат экономических наук
|f 1951-
|g Татьяна Захаровна
|2 stltpush
|3 (RuTPU)RU\TPU\pers\25115
|4 727
|
| 801 |
|
1 |
|a RU
|b 63413507
|c 20100204
|
| 801 |
|
2 |
|a RU
|b 63413507
|c 20121220
|g RCR
|
| 942 |
|
|
|c BK
|